000 00537nam a2200193 4500
001 112503
003 ES-MaACL
005 20230906185538.0
007 t|
008 061121s1961 sp r ||||1| spa d
100 1 _aMuñoz Pellegero, Fermín.
_984471
245 1 3 _aUn hombre solo /
_cFermín Muñoz Pellegero.
260 _aBarcelona :
_bFlors,
_c1961.
300 _a256 p. ;
_c18 cm.
490 1 _aColección remanso
830 0 _aColección remanso
_9185713
852 _aES-MaACL
_jC-19059
_bR.47021
999 _c112503
_d112503